Deer Species- Sudden Death - Statistics

General Stats
  • This quiz has been taken 373 times
  • The average score is 4 of 10
Answers on the Grid
Answers color-coded by a green-red scale on the quiz's grid according to % correct below.
White-tailed Deer
Moose
Elk
Greater Chevrotain
Alpine Musk Deer
Reeves's Muntjac
Tufted Deer
Himalayan Tahr
Sambar
Chital
Pampas Deer
Marsh Deer
Barasingha
Pronghorn
Okapi
Impala
 
Answer Stats
Answer % Correct
White-tailed Deer
93%
Elk
71%
Moose
64%
Marsh Deer
29%
Tufted Deer
29%
Pampas Deer
27%
Sambar
24%
Reeves's Muntjac
22%
Barasingha
18%
Chital
14%
No matching quizzes found
Score Distribution
Percent of People with Each Score
Percentile by Number Answered
Your Score History
You have not taken this quiz